000 00425nam a2200193Ia 4500
005 20240823034849.0
008 240823s9999||||xx |||||||||||||| ||und||
020 _a978-0-425-23303-0
041 _aENGLISH
082 _A813.6 Q0
100 _aAlyssa Day
245 0 _aAtlantis Betrayed
250 _a1st
260 _c2010
_bPenguin
500 _aYES
650 _aNovel
_bEnglish
942 _cBK
999 _c199306
_d199306